| 000 | 00577 a2200169 4500 | ||
|---|---|---|---|
| 005 | 20250611143821.0 | ||
| 020 | _a978-1-3986-0663-0 | ||
| 082 | _a658.3 ARM | ||
| 100 | _aARMSTRONG, M. | ||
| 245 | _aArmstrong's Handbook of Human Resources Management Practice: A Guide to the Theory and Practice of People Management. | ||
| 250 | _a16th Ed | ||
| 260 |
_aLondon, _bKogan Page, _c2023. |
||
| 300 |
_axxxii, 720p.: ill.; figure, picture, table _bReferences & Index _c24cm |
||
| 700 | _aTAYLOR, S. | ||
| 856 |
_yAccess Online Book _fManagement _dwww.koganpage.com |
||
| 942 |
_2ddc _cBKS |
||
| 999 |
_c3760 _d3760 |
||